000 00337cam a22001337a 4500
008 180718b1965 xxu||||| |||| 00| 0 eng d
082 _aT41 Sa15
100 _aSadeque, A.
245 _aIndian and Pakistan currency
_cby A. Sadeque
260 _aDacca
_b
_c1965
300 _a398p.
650 _aMoney - Pakistan
650 _aMoney - India
999 _c353410
_d353410